000 01119nam a2200217Ia 4500
003 Ost
005 20260507075046.0
008 260507s9999||||xx |||||||||||||| ||und||
040 _cfsecg
041 _aara
082 _a300
100 _aعجام، ميثم صاحب
_eمؤلف
245 0 _aالتمويل الدولي /
_c ميثم صاحب عجام
260 _aاربد:
_bدار الكندي للنشر والتوزيع,
_c2002
300 _a320 صفحة؛
_bإيضاحات ؛
_c24 سم
520 _aالتمويل الدولي-التمويل والعمليات الإنتاجية-المصارف المركزية-أسواق الأوراق المالية(البورصة)-أسواق الإقراض والإقتراض بالعملات الدولية-أنواع الإستثمارات النقدية والدولية-صندوق النقد الدولي-السيولة الدولية وحقوق السحب الخاصة-البنك الدولي والمؤسسات التابعة له
653 _aالإستثمار
653 _aالبورصات
653 _aالتمويل الدولي
942 _cكتاب
999 _c42569
_d42569